Introduction to counseling

Gorde:
Xehetasun bibliografikoak
Egile nagusia: Tolbert, E. M (Egilea)
Formatua: Liburua
Hizkuntza:ingelesa
Argitaratua: Nueva York McGraw-Hill 1959
Gaiak:
Etiketak: Etiketa erantsi
Etiketarik gabe, Izan zaitez lehena erregistro honi etiketa jartzen!

MARC

LEADER 00000nam a2200000 a 4500
001 UCU1558
003 CL-VaPUC
008 960409e19590000US |||||||||||||||||eng|d
082 0 4 |a 371.42  |b TOL  |2 21 
100 0 |a Tolbert, E. M  |e author  |9 357179 
245 1 0 |a Introduction to counseling 
300 |a 2 v 
942 |c BK 
945 |d 19960409 00:00:00  |a paguirre 
260 |a Nueva York  |b McGraw-Hill  |c 1959 
650 7 |a ORIENTACION EDUCACIONAL  |2 CL-VaPUC  |9 312512 
650 0 |a Orientación profesional   |9 308504 
650 7 |a TESTS  |2 CL-VaPUC  |9 309359 
650 0 |a Evaluación de la educación   |9 237505 
650 0 |a Planificación de la educación   |9 307333 
583 |a last modification  |c 19960409 00:00:00  |k Rodrigo Vera 
999 |c 246120  |d 246118 
952 |0 0  |1 0  |4 0  |6 371_420000000000000_TOL_1959  |7 0  |8 P  |9 260866  |a BIBEDU  |b BIBEDU  |c BIBEDU_PB  |d 2019-11-19  |h v.1  |i 201582K  |o 371.42 TOL 1959  |p 201582K  |r 2024-01-25  |w 2019-11-19  |y BK  |k EDU 
952 |0 0  |1 0  |4 0  |6 371_420000000000000_TOL_1959  |7 0  |8 P  |9 260867  |a BIBEDU  |b BIBEDU  |c BIBEDU_PB  |d 2019-11-19  |h v.2  |i 2015528  |o 371.42 TOL 1959  |p 2015528  |r 2024-01-25  |w 2019-11-19  |y BK  |k EDU